000
00359nam a2200133Ia 4500
008
100328s9999 xx 000 0 und d
082
_b
27856
100
_a
ओक सुनेत्रा
245
_a
आय कन्फेस
260
_b
परिमल
630
_a
आय कन्फेस
730
_a
आय कन्फेस
942
_c
BOOK
999
_c
519549
_d
519546